=LDR 00000nam 2200000 4500 =001 INLIS000000000024084 =005 20130612122707 =008 ***********************************Ind** =035 ##$$0010-061300000024084 =041 ##$$a Ind =082 ##$$a 808.87 =090 ##$$a 808.87, Kha h =100 ##$$a Khalid, Abu =245 ##$$a Hikmah di balik kisah teladan dan humor sufi, Abu Khalid, MA =260 ##$$a 2003 $b Suranaya =300 ##$$a 144 hlm, ilus, 21 cm =650 ##$$a Humor =850 ##$$a NBPNMAT =990 ##$$a 2090101387/BPAP-NTB/2015